Guess the 1960s song lyrics #259 - Statistics

General Stats
  • This quiz has been taken 24 times
  • The average score is 161 of 318
Answer Stats
Answer % Correct
I
100%
a
95%
he
91%
He
91%
do
86%
my
86%
to
86%
And
82%
it
82%
me
82%
so
82%
So
82%
The
82%
the
82%
We
82%
be
77%
For
77%
him
73%
in
73%
oh
73%
can't
68%
don't
68%
gonna
68%
He's
68%
he's
68%
i'm
68%
I'm
68%
It's
68%
it's
68%
know
68%
of
68%
there
68%
mine
64%
not
64%
one
64%
That
64%
that
64%
were
64%
all
59%
But
59%
fine
59%
get
59%
how
59%
make
59%
then
59%
with
59%
boy
55%
his
55%
if
55%
If
55%
just
55%
girl
50%
got
50%
or
50%
over
45%
time
45%
yeah
45%
give
41%
takes
41%
doo
36%
guy
36%
handsome
36%
matter
36%
Should
36%
wait
36%
Wish
36%
arms
32%
better
32%
Chiffons
32%
even
32%
gotta
32%
held
32%
hope
32%
I'd
32%
lang
32%
anything
27%
Anything
27%
asked
27%
away
27%
forever
27%
hair
27%
Makes
27%
queen
27%
later
23%
leave
23%
own
23%
Sooner
23%
sooner
23%
spoken
23%
try
23%
wavy
23%
envy
18%
seems
18%
shy
18%
soft
18%
throne
18%
Also
14%
huh
14%
kinda
14%
uh
14%
wonder
14%
together
0%
No matching quizzes found
Score Distribution
Percent of People with Each Score
Percentile by Number Answered
Your Score History
You have not taken this quiz